ਇਬਾਦਤਗਾਹਾਂ / (Record no. 80890)

MARC details
000 -LEADER
fixed length control field 01109nam a22002777a 4500
005 - DATE AND TIME OF LATEST TRANSACTION
control field 20180209122712.0
008 - FIXED-LENGTH DATA ELEMENTS--GENERAL INFORMATION
fixed length control field 131126b xxu||||| |||| 00| 0 eng d
010 ## - LCCN (DPL NO)
LC control number PUN-7724 B-577439-442 B-669861
020 ## - INTERNATIONAL STANDARD BOOK NUMBER
Terms of availability 175.00
035 ## - SYSTEM CONTROL NUMBER
System control number PN-6842 B-577439-442
035 ## - SYSTEM CONTROL NUMBER
System control number B-669861
037 ## - SOURCE OF ACQUISITION
Source of stock number/acquisition DBAD / PUB
037 ## - SOURCE OF ACQUISITION
Source of stock number/acquisition Arsee Publishers
037 ## - SOURCE OF ACQUISITION
Source of stock number/acquisition star publications/ven
040 ## - CATALOGING SOURCE
Original cataloging agency dpl
Language of cataloging pn
082 ## - DEWEY DECIMAL CLASSIFICATION NUMBER
Classification number 851
100 ## - MAIN ENTRY--PERSONAL NAME
Personal name ਸੁਖਬੀਰ
245 ## - TITLE STATEMENT
Title ਇਬਾਦਤਗਾਹਾਂ /
Statement of responsibility, etc ਸੁਖਬੀਰ
246 ## - VARYING FORM OF TITLE
Title proper/short title Ibadatgahan
Remainder of title by Sukhbir
260 ## - PUBLICATION, DISTRIBUTION, ETC. (IMPRINT)
Place of publication, distribution, etc Delhi
Name of publisher, distributor, etc Arsee Publishers
Date of publication, distribution, etc 2013
270 ## - ADDRESS
City Delhi
Address Chandni Chowk
Telephone number 011-65966481
300 4# - PHYSICAL DESCRIPTION
Extent 93p.
Dimensions 22ਸੇਂਮੀ (ਸਜਿਲੱਦ)
942 ## - ADDED ENTRY ELEMENTS (KOHA)
Source of classification or shelving scheme Dewey Decimal Classification
Item type Punjabi Bks
Classification part 851
Call number suffix ਸੁਖਬੀ
Holdings
Withdrawn status Lost status Source of classification or shelving scheme Damaged status Not for loan Collection code Home library Current library Date acquired Source of acquisition Cost, normal purchase price Total Checkouts Full call number Barcode Date last seen Copy number Cost, replacement price Koha item type
    Dewey Decimal Classification     Non-fiction Ashok Vihar Ashok Vihar 31/01/2018 BPPD/SP/2256/27.2.2017/AV/16-17/16.2.2017/24.3.2017 175.00   851 ਸੁਖਬੀ B-669861 31/01/2018 1 175.00 Punjabi Bks
    Dewey Decimal Classification     Non-fiction Central Library Central Library 31/10/2014 BPPD/164/27.8.14/3624/4.9.14 175.00   851 ਸੁਖਬੀ B-577439 31/10/2014 1 175.00 Punjabi Bks
    Dewey Decimal Classification     Non-fiction D.B.Act.Division D.B.Act.Division 27/11/2013 DBAD 175.00   851 ਸੁਖਬੀ PN-6842 27/11/2013 1 175.00 Punjabi Bks
    Dewey Decimal Classification     Non-fiction Mobile Library Mobile Library 31/10/2014 BPPD/164/27.8.14/3624/4.9.14 175.00   851 ਸੁਖਬੀ B-577440 31/10/2014 1 175.00 Punjabi Bks
    Dewey Decimal Classification     Non-fiction Sarojini Nagar Sarojini Nagar 31/10/2014 BPPD/164/27.8.14/3624/4.9.14 175.00   851 ਸੁਖਬੀ B-577441 31/10/2014 1 175.00 Punjabi Bks
    Dewey Decimal Classification     Non-fiction Sriniwas Puri Sriniwas Puri 31/10/2014 BPPD/164/27.8.14/3624/4.9.14 175.00   851 ਸੁਖਬੀ B-577442 31/10/2014 1 175.00 Punjabi Bks

© Delhi Public Library
Hit Counter
free hit counter